Effective technical communication / (Record no. 188349)
[ view plain ]
| 000 -LEADER | |
|---|---|
| fixed length control field | 01386 a2200241 4500 |
| 003 - CONTROL NUMBER IDENTIFIER | |
| control field | Nust |
| 005 - DATE AND TIME OF LATEST TRANSACTION | |
| control field | 20230526122243.0 |
| 010 ## - LIBRARY OF CONGRESS CONTROL NUMBER | |
| LC control number | 91046638 |
| 020 ## - INTERNATIONAL STANDARD BOOK NUMBER | |
| International Standard Book Number | 0070194319 |
| 040 ## - CATALOGING SOURCE | |
| Transcribing agency | Nust |
| 082 00 - DEWEY DECIMAL CLASSIFICATION NUMBER | |
| Classification number | 808.0666,EIS |
| 100 1# - MAIN ENTRY--PERSONAL NAME | |
| Personal name | Eisenberg, Anne |
| 9 (RLIN) | 59807 |
| 245 10 - TITLE STATEMENT | |
| Title | Effective technical communication / |
| Statement of responsibility, etc. | Anne Eisenberg. |
| 250 ## - EDITION STATEMENT | |
| Edition statement | 2nd ed. |
| 260 ## - PUBLICATION, DISTRIBUTION, ETC. | |
| Place of publication, distribution, etc. | New York : |
| Name of publisher, distributor, etc. | McGraw-Hill, |
| Date of publication, distribution, etc. | c1992. |
| 300 ## - PHYSICAL DESCRIPTION | |
| Extent | xvi, 400 p. : |
| Other physical details | ill. ; |
| Dimensions | 24 cm. |
| 505 ## - FORMATTED CONTENTS NOTE | |
| Formatted contents note | Introduction to the Technical Writing Process (Page-1), Composing and Editing Strategies in the Technical Writing Process (Page-17), Editing for Style (Page-47), Editing for Lapses in Grammar, Punctuation, and Mechanics (Page-66), Using Graphics (Page-80), Interviewing (Page-114), Using the Library (Page-125), Writing Descriptions and Definitions (Page-147), Writing Instructions (Page-174), Letters and Job-Related Correspondence (Page-194), Abstracts and Summaries (Page-230), Memos and Memo Reports (Page-247), Writing Longer Reports (Page-273), Writing Proposals (Page-308), Preparing and Giving a Technical Talk (Page-332). |
| 650 #0 - SUBJECT ADDED ENTRY--TOPICAL TERM | |
| Topical term or geographic name entry element | Communication of technical information. |
| 9 (RLIN) | 25586 |
| 650 #0 - SUBJECT ADDED ENTRY--TOPICAL TERM | |
| Topical term or geographic name entry element | Technical writing. |
| 856 42 - ELECTRONIC LOCATION AND ACCESS | |
| Materials specified | Publisher description |
| Uniform Resource Identifier | <a href="http://www.loc.gov/catdir/description/mh022/91046638.html">http://www.loc.gov/catdir/description/mh022/91046638.html</a> |
| 856 42 - ELECTRONIC LOCATION AND ACCESS | |
| Materials specified | Table of contents |
| Uniform Resource Identifier | <a href="http://www.loc.gov/catdir/toc/mh021/91046638.html">http://www.loc.gov/catdir/toc/mh021/91046638.html</a> |
| 942 ## - ADDED ENTRY ELEMENTS (KOHA) | |
| Source of classification or shelving scheme | |
| Koha item type | Book |
| Withdrawn status | Lost status | Source of classification or shelving scheme | Damaged status | Not for loan | Permanent Location | Current Location | Shelving location | Date acquired | Full call number | Barcode | Date last seen | Price effective from | Koha item type | Public note |
|---|---|---|---|---|---|---|---|---|---|---|---|---|---|---|
| Military College of Signals (MCS) | Military College of Signals (MCS) | General Stacks | 12/12/2016 | 808.0666,EIS | MCS30975 | 12/08/2016 | 12/12/2016 | Book | Almirah No.75, Shelf No.3 | |||||
| Military College of Signals (MCS) | Military College of Signals (MCS) | General Stacks | 03/29/2023 | 808.0666,EIS | MCS30974 | 03/29/2023 | 03/29/2023 | Book | Almirah No.56, Shelf No.2 |
